Two swords in one scabbard: a case for presidential form of parliamentary democracy (Record no. 421905)

000 -LEADER
fixed length control field 00432cam a22001337a 4500
008 - FIXED-LENGTH DATA ELEMENTS--GENERAL INFORMATION
fixed length control field 180718b1989 xxu||||| |||| 00| 0 eng d
082 ## - DEWEY DECIMAL CLASSIFICATION NUMBER
Classification number B5x54 Sa82
100 ## - MAIN ENTRY--PERSONAL NAME
Personal name Sathe, Vasant
245 ## - TITLE STATEMENT
Title Two swords in one scabbard: a case for presidential form of parliamentary democracy
Statement of responsibility, etc. by Vasant Sathe
260 ## - PUBLICATION, DISTRIBUTION, ETC.
Place of publication, distribution, etc. New Delhi
Name of publisher, distributor, etc. NIB
Date of publication, distribution, etc. 1989
300 ## - PHYSICAL DESCRIPTION
Extent xii, 168p
650 ## - SUBJECT ADDED ENTRY--TOPICAL TERM
Topical term or geographic name entry element Presidents --India --Election.
650 ## - SUBJECT ADDED ENTRY--TOPICAL TERM
Topical term or geographic name entry element Cabinet system --India
Holdings
Withdrawn status Lost status Damaged status Not for loan Permanent Location Current Location Date acquired Full call number Barcode Date last seen Price effective from Koha item type Source of classification or shelving scheme
        Indian Institute of Public Administration Indian Institute of Public Administration 2009-08-10 B5x54 Sa82 65547 2018-07-21 2018-07-21 Book  
        Indian Institute of Public Administration Indian Institute of Public Administration 2021-03-16 TNC B5x54 Sa82\c.2 GR22710 2021-03-16 2021-03-16 GR  

Powered by Koha